Southville International School and Colleges
Your cart is empty.
  • Cart
  • Lists
    Public lists Eva Luna New books Lux_list list_1
    Your lists Log in to create your own lists
  • Log in to your account
  • Your cookies
  • Search history
Southville International School and Colleges
  • Advanced search
  • Recent comments
  • Most popular
  • Libraries

Log in to your account

Log in with GOOGLE


If you do not have an external account, but do have a local account, you can still log in:

  1. Home
  2. MARC view: Technical writing for success /
Normal view MARC view ISBD view

Technical writing for success / (Record no. 357685)

[ view plain ]
MARC details
000 -LEADER
fixed length control field 00593nam a2200217Ia 4500
008 - FIXED-LENGTH DATA ELEMENTS--GENERAL INFORMATION
fixed length control field 180523s9999 xx 000 0 und d
020 ## - INTERNATIONAL STANDARD BOOK NUMBER
International Standard Book Number 978-981-4584-14-8
050 ## - LIBRARY OF CONGRESS CALL NUMBER
Classification number MAIN T 11
050 ## - LIBRARY OF CONGRESS CALL NUMBER
Item number .W67 2013 c.2
100 ## - MAIN ENTRY--PERSONAL NAME
Personal name Worthington, Darlene Smith-.
245 #0 - TITLE STATEMENT
Title Technical writing for success /
245 #0 - TITLE STATEMENT
Statement of responsibility, etc Darlene Smith-Worthington, Sue Jefferson.
250 ## - EDITION STATEMENT
Edition statement 3rd Edition
260 ## - PUBLICATION, DISTRIBUTION, ETC. (IMPRINT)
Place of publication, distribution, etc Singapore :
260 ## - PUBLICATION, DISTRIBUTION, ETC. (IMPRINT)
Name of publisher, distributor, etc Cengage Learning,
260 ## - PUBLICATION, DISTRIBUTION, ETC. (IMPRINT)
Date of publication, distribution, etc 2013
300 ## - PHYSICAL DESCRIPTION
Extent 449 pages :
300 ## - PHYSICAL DESCRIPTION
Other physical details illustrations ;
300 ## - PHYSICAL DESCRIPTION
Dimensions 26 cm.
650 ## - SUBJECT ADDED ENTRY--TOPICAL TERM
Topical term or geographic name as entry element Technical writing -- Textbooks.
Holdings
Withdrawn status Lost status Damaged status Home library Current library Shelving location Date acquired Cost, normal purchase price Total Checkouts Full call number Barcode Date last seen Price effective from Koha item type
      South Mansfield College South Mansfield College   12/17/2015 478.00   MAIN T 11 .W67 2013 c.2 SMC06000 05/23/2018 05/23/2018  

Technical writing for success /

APA

Worthington D. S., .Technical writing for success. Singapore: .

Chicago

Worthington Darlene Smith, .Technical writing for success. Singapore: .

Harvard

Worthington D. S., .Technical writing for success. Singapore: .

MLA

Worthington Darlene Smith, .Singapore: . .

  • Place hold
  • Print
  • Cite
  • Add to your cart (remove)
  • Save record
    BIBTEX Dublin Core MARCXML MARC (non-Unicode/MARC-8) MARC (Unicode/UTF-8) MARC (Unicode/UTF-8, Standard) MODS (XML) RIS
  • More searches
    Search for this title in:
    Other Libraries (WorldCat) Other Databases (Google Scholar) Online Stores (Bookfinder.com) Open Library (openlibrary.org)

Exporting to Dublin Core...

SOUTHVILLE LIBRARY

Southville International School and Colleges Library

1281 Tropical Ave. Cor. Luxembourg St., BF Homes International, Las Pinas City

Tel. No. 8256374 / 252358 Loc. 117/146

Powered by Koha